[Event "Moscow-ch"]
[Site "Moscow"]
[Date "2001.??.??"]
[Round "8"]
[White "Yuferov, Sergey N"]
[Black "Frog, Ilya"]
[Result "1/2-1/2"]
[WhiteElo "2449"]
[BlackElo "2394"]
[PlyCount "128"]
[EventDate "2001.??.??"]
[EventType "swiss"]
[EventRounds "9"]
[EventCountry "RUS"]
[SourceTitle "EXT 2002"]
[Source "ChessBase"]
[SourceDate "2001.11.25"]
[SourceVersion "1"]
[SourceVersionDate "2001.11.25"]
[SourceQuality "1"]

1. d4 d5 2. c4 e6 3. Nc3 Be7 4. Nf3 Nf6 5. Qc2 c6 6. e3 0-0 7. Bd3 Nbd7 8. 0-0 c5 9. cxd5 exd5 10. b3 h6 11. Bb2 b6 12. Rad1 Bb7 13. Bf5 Rc8 14. Qb1 c4 15. bxc4 Rxc4 16. Ne5 Rc8 17. Ba1 g6 18. Bh3 Qc7 19. Nb5 Qd8 20. Nc3 Qc7 21. Nb5 Qd8 22. Nxg6 fxg6 23. Qxg6+ Kh8 24. Bf5 Qe8 25. Qxh6+ Kg8 26. f4 Rf7 27. Rf3 Bf8 28. Qh3 Rc6 29. Nxa7 Rd6 30. Nb5 Rc6 31. Na7 Rd6 32. Nb5 Rc6 33. Bg6 Ne4 34. Qh5 Ndf6 35. Bxf7+ Qxf7 36. Qxf7+ Kxf7 37. h3 Rc2 38. a4 Nh5 39. Kh2 Ra2 40. Rc1 Ba6 41. Rc7+ Kg8 42. Nc3 Rxa1 43. Nxe4 dxe4 44. Rf2 Rxa4 45. Rc6 Be7 46. g3 Rb4 47. Rc7 Kf8 48. Ra2 Rc4 49. Rxe7 Kxe7 50. Rxa6 Rc2+ 51. Kg1 Nxg3 52. Rxb6 Ne2+ 53. Kf1 Ng3+ 54. Kg1 Re2 55. Rb5 Rxe3 56. Rd5 Rf3 57. Kg2 Kf6 58. Re5 Rd3 59. d5 Nf5 60. Rxe4 Nh4+ 61. Kf2 Kf5 62. Ra4 Ng6 63. Ke2 Rb3 64. d6 Nxf4+ 1/2-1/2

[Event "RUS-Cup"]
[Site "Tula"]
[Date "2001.??.??"]
[Round "4"]
[White "Yuferov, Sergey N"]
[Black "Novikov, Maxim"]
[Result "1-0"]
[WhiteElo "2449"]
[BlackElo "2377"]
[PlyCount "123"]
[EventDate "2001.??.??"]
[EventType "swiss"]
[EventRounds "9"]
[EventCountry "RUS"]
[SourceTitle "EXT 2002"]
[Source "ChessBase"]
[SourceDate "2001.11.25"]
[SourceVersion "1"]
[SourceVersionDate "2001.11.25"]
[SourceQuality "1"]

1. Nf3 d5 2. g3 Nf6 3. Bg2 e6 4. 0-0 Be7 5. d3 c5 6. Nbd2 Nc6 7. e4 d4 8. e5 Nd7 9. Re1 Qc7 10. Qe2 b6 11. Nc4 b5 12. Nd6+ Bxd6 13. exd6 Qb6 14. Ng5 Nf6 15. Ne4 Bb7 16. Nxf6+ gxf6 17. Qh5 Nd8 18. Bxb7 Qxb7 19. Qxc5 Nc6 20. a4 b4 21. Qf5 Ne5 22. Rxe5 fxe5 23. Qxe5 Rg8 24. Qxd4 Rc8 25. c4 bxc3 26. bxc3 Qd5 27. Qxa7 Qxd6 28. Ba3 Qd7 29. Qxd7+ Kxd7 30. Bb4 Ra8 31. a5 Ra6 32. Re1 Rg5 33. Re4 Rd5 34. d4 Rf5 35. Kf1 h5 36. Ke2 Kc6 37. f4 Kb5 38. Kd3 Ra8 39. Re2 h4 40. Rb2 Rg8 41. c4+ Ka6 42. Be1 hxg3 43. hxg3 Rh5 44. Ke4 Rc8 45. c5 Rd5 46. g4 Rcd8 47. Bc3 Ka7 48. g5 Rb8 49. Rh2 Rg8 50. Rh7 Rf5 51. d5 Rxd5 52. Rxf7+ Ka6 53. Re7 Rxc5 54. Rxe6+ Kb5 55. Bd4 Rcxg5 56. fxg5 Rxg5 57. Bc3 Rg4+ 58. Kd3 Ra4 59. Rb6+ Kc5 60. Bb4+ Kd5 61. Kc3 Ra1 62. Rd6+ 1-0

[Event "RUS-Cup"]
[Site "Tula"]
[Date "2001.??.??"]
[Round "6"]
[White "Yuferov, Sergey N"]
[Black "Tikhomirov, Sergei"]
[Result "1/2-1/2"]
[WhiteElo "2449"]
[BlackElo "2333"]
[PlyCount "94"]
[EventDate "2001.??.??"]
[EventType "swiss"]
[EventRounds "9"]
[EventCountry "RUS"]
[SourceTitle "EXT 2002"]
[Source "ChessBase"]
[SourceDate "2001.11.25"]
[SourceVersion "1"]
[SourceVersionDate "2001.11.25"]
[SourceQuality "1"]

1. d4 d6 2. e4 Nf6 3. Nc3 g6 4. Be3 c6 5. Nf3 Bg7 6. Qd2 Ng4 7. Bg5 f6 8. Bh4 e6 9. Bd3 e5 10. Ne2 Qe7 11. 0-0 0-0 12. Bc4+ Be6 13. Bxe6+ Qxe6 14. Qb4 Rf7 15. Nc3 Na6 16. Qa4 Nc7 17. h3 Nh6 18. Rad1 Qc8 19. dxe5 dxe5 20. Nxe5 fxe5 21. Rd8+ Qxd8 22. Bxd8 Rxd8 23. Qxa7 Ne6 24. Rd1 Nd4 25. Kf1 Rfd7 26. Na4 b5 27. Qa6 bxa4 28. c3 Ne6 29. Rxd7 Rxd7 30. Qxc6 Nf8 31. Qxa4 Nf7 32. b4 Nd6 33. Qc6 Kf7 34. a4 Ke7 35. a5 Ne6 36. a6 Rc7 37. Qa4 Rxc3 38. a7 Rc1+ 39. Ke2 Nd4+ 40. Kd3 Nc4 41. Qa2 Nb6 42. a8Q Rd1+ 43. Kc3 Nb5+ 44. Kc2 Nxa8 45. Qxa8 Rd7 46. Qg8 Kf6 47. Qe8 Nd4+ 1/2-1/2

[Event "Chigorin Memorial 08th"]
[Site "St Petersburg"]
[Date "2000.11.10"]
[Round "9"]
[White "Lastin, Alexander"]
[Black "Yuferov, Sergey N"]
[Result "1-0"]
[WhiteElo "2580"]
[BlackElo "2436"]
[PlyCount "61"]
[EventDate "2000.10.31"]
[EventType "swiss"]
[EventRounds "9"]
[EventCountry "RUS"]
[SourceTitle "EXT 2001"]
[Source "ChessBase"]
[SourceDate "2000.11.22"]
[SourceVersion "1"]
[SourceVersionDate "2000.11.22"]
[SourceQuality "1"]

1. e4 c5 2. Nf3 d6 3. d4 cxd4 4. Nxd4 Nf6 5. Nc3 a6 6. f3 e6 7. Be3 b5 8. g4 h6 9. Qd2 Nbd7 10. 0-0-0 Bb7 11. Bd3 b4 12. Nce2 d5 13. exd5 Bxd5 14. Nf4 Nc5 15. Kb1 Nxd3 16. Qxd3 Be7 17. h4 Qa5 18. Nxd5 Nxd5 19. Bc1 Qb6 20. Nxe6 Nc3+ 21. bxc3 bxc3+ 22. Ka1 fxe6 23. Qg6+ Kf8 24. Rd7 Rd8 25. Rxe7 Kxe7 26. Qxg7+ Kd6 27. Ba3+ Kd5 28. Rb1 Rhg8 29. Qh7 Qe3 30. Qb7+ Ke5 31. Qc7+ 1-0

[Event "Chigorin Memorial 08th"]
[Site "St Petersburg"]
[Date "2000.11.09"]
[Round "8"]
[White "Yuferov, Sergey N"]
[Black "Alekseev, Evgeny V"]
[Result "1-0"]
[WhiteElo "2436"]
[BlackElo "2497"]
[PlyCount "71"]
[EventDate "2000.10.31"]
[EventType "swiss"]
[EventRounds "9"]
[EventCountry "RUS"]
[SourceTitle "EXT 2001"]
[Source "ChessBase"]
[SourceDate "2000.11.22"]
[SourceVersion "1"]
[SourceVersionDate "2000.11.22"]
[SourceQuality "1"]

1. d4 Nf6 2. c4 g6 3. Nc3 Bg7 4. e4 d6 5. f3 0-0 6. Bg5 c6 7. Qd2 a6 8. Nge2 b5 9. Ng3 Nbd7 10. Rc1 Qa5 11. b3 e5 12. d5 cxd5 13. cxd5 Nc5 14. Nd1 Qd8 15. Nb2 Bd7 16. b4 Na4 17. Nxa4 bxa4 18. Bd3 Qb6 19. Be3 Qb7 20. a3 Rfc8 21. 0-0 Ne8 22. Ne2 Bf6 23. Nc3 Bd8 24. Qf2 Ng7 25. f4 f5 26. fxe5 dxe5 27. Bc5 a5 28. exf5 gxf5 29. Ne4 Ra6 30. Bxa6 Qxa6 31. Nd6 Rb8 32. Qe3 Bf6 33. Qh6 Rf8 34. b5 Qa8 35. Ne4 fxe4 36. Bxf8 1-0

[Event "Chigorin Memorial 08th"]
[Site "St Petersburg"]
[Date "2000.11.08"]
[Round "7"]
[White "Kiriakov, Petr"]
[Black "Yuferov, Sergey N"]
[Result "1-0"]
[WhiteElo "2525"]
[BlackElo "2436"]
[PlyCount "73"]
[EventDate "2000.10.31"]
[EventType "swiss"]
[EventRounds "9"]
[EventCountry "RUS"]
[SourceTitle "EXT 2001"]
[Source "ChessBase"]
[SourceDate "2000.11.22"]
[SourceVersion "1"]
[SourceVersionDate "2000.11.22"]
[SourceQuality "1"]

1. d4 Nf6 2. c4 e6 3. Nc3 Bb4 4. Qc2 0-0 5. a3 Bxc3+ 6. Qxc3 b6 7. Bg5 Bb7 8. f3 c5 9. dxc5 bxc5 10. e3 Nc6 11. Nh3 h6 12. Bh4 Ne4 13. Bxd8 Nxc3 14. Bc7 Rfc8 15. Bd6 Na4 16. Nf2 Ba6 17. b4 Nd8 18. Bd3 f5 19. Kd2 Nf7 20. Bg3 Kf8 21. Rhc1 Ke7 22. e4 g6 23. h4 Nb2 24. b5 Nxd3 25. Nxd3 Bb7 26. e5 Rc7 27. a4 Rg8 28. Bf2 Rgc8 29. Kc3 g5 30. hxg5 hxg5 31. Rh1 d6 32. exd6+ Kxd6 33. Rh7 Ke7 34. Rah1 Kf6 35. Nxc5 Rxc5 36. Bxc5 Rxc5 37. Rxf7+ 1-0